Statistics for Famous People from the 18th Century AD

Click here to take the quiz!

General Stats

  • This quiz has been taken 92 times
  • The average score is 10 of 17

Answer Stats

HintAnswer% Correct
First President of the United States of AmericaGeorge Washington
99%
Austrian composer of the "Magic Flute", "Così fan tutte", "Don Giovanni" or "Eine kleine Nachtmusik"Wolfgang Amadeus Mozart
89%
Russian Tsar, who won against Sweden in the Great Northern War, westernized Russia and founded St. PetersburgPeter the Great
88%
Empress of Russia, who conquered Crimea and large parts of the partitioned Poland, westernized RussiaCatherine the Great
80%
French revolutionary from the Jacobin Party, who ruled France during the "Reign of Terror"Maximilien Robespierre
68%
Economist and author of "The Wealth of Nations"Adam Smith
64%
King of Prussia, who conquered Silesia, won the 7 Years War and made Prussia a great power in EuropeFrederick the Great
64%
Baroque composer of the Brandeburg Concertos and the Goldberg VariationsJohann Sebastian Bach
64%
Philosopher from Königsberg, author of the Critiques of Pure and Practical Reason, developed the Categorical ImperativeImmanuel Kant
54%
German writer, author of "Faust", "The Sorrows of Young Werther" and "Iphigenia in Tauris"Johann Wolfgang von Goethe
54%
Physician, who invented the Smallpox VaccineEdward Jenner
47%
Philosopher, who inspired the French Revolution, author of "Emile" and "The Social Contract"Jean-Jacques Rousseau
43%
Mathematician, the number e is named after him, "e^(i*pi) + 1 = 0"Leonhard Euler
40%
Queen of Austria, her ascencion to the throne, caused by the Pragmatic Sanction, caused the War of Austrian SuccessionMaria Theresa
40%
First Prime Minister of Great Britain, involved in the South Sea Bubble Affair, where he was able to defend the King and the Whig PartyRobert Walpole
37%
King of Sweden, who spent his life campaigning in the Great Northern War against Russia, Poland and DenmarkCharles XII
22%
Feminist during the French Revolution, author of the "Declaration of the Rights of Woman and the Female Citizen"Olympe de Gouges
14%

Score Distribution

Percentile by Number Answered

Percent of People with Each Score

Your Score History

You have not taken this quiz